000 00444nam a2200169Ia 4500
008 230711s9999||||xx |||||||||||||| ||und||
020 _a978-93-5142-599-1
041 _aENG
082 _a658.5
_bRA-P
100 _aRao, Venugopal K
245 0 _aProduct and brand management text and cases
250 _a1st Ed.
260 _c2014
_aMumbai
_bHimalaya Publishing House
300 _a458p.
650 _aUNIVESITY BUSNIESS SCHOOL
942 _cBK
999 _c5957
_d5957